000 00902nam a2200217 a 4500
001 000004832
005 20200929151520.0
008 090727s1999 dr b 000 0 spa d
020 _a9291430595
040 _aDO-SdBNP
_bspa
_cBNPHU
082 _a306.097293
_bH117p, 1999
245 0 0 _aHacia un programa de desarrollo cultural para la República Dominicana. :
_binformes sobre el diagnóstico participativo del sector cultural.
260 _aSanto Domingo :
_bConsejo Presidencial de Cultura :
_bPNUD,
_c1999.
300 _a366 p. :
_bmap. ;
_c22 cm.
590 _aInventariado, 2018/BT
504 _aIncluye referencias bibliográficas y notas al pie de las páginas
650 4 _aCultura
_zRepública Dominicana
_91983
650 4 _aPolítica cultural
_xRepública dominicana
_914026
710 2 2 _aPrograma de la Naciones Unidas para el Desarrollo
_914027
910 _aValidado. Control de calidad. MFF
999 _c4638
_d4638